00410nam a22001577a 4500003000700000005001700007008004100024082002200065100001100087245002500098250001100123260004000134300000800174490004100182650002900223MPLRDC20220104125635.0210129b ||||| |||| 00| 0 eng d a859.61 ZGGD-2 v.5 a不详 a鲁智深的故事c a初版 ab中流出版社有限公司c1978 b平 a中国古典小说人物故事丛书 a古典小说人物故事